Saint-Étienne - Choix multiples - Statistiques

Statistiques générales
  • Ce quiz a été pris 3 994 fois
  • Le résultat moyen est 7 sur 10
Statistiques - réponses
Question Réponse % Correct
Comment appelle-t-on les habitants de Saint-Etienne ? Les Stéphanois
98%
Dans quel sport l'équipe masculine locale a-t-elle été sacrée championne de France 10 fois ? Football
92%
Quel minerai a fait les heures de gloire de l'industrie de Saint-Etienne ? Le charbon
83%
De quel département Saint-Etienne est-elle le chef-lieu ? Loire
82%
Quelle célèbre arme a été longtemps fabriquée à Saint-Etienne ? Le FAMAS
72%
Quelle célèbre enseigne de supermarchés a vu le jour à Saint-Etienne en 1898 ? Casino
66%
Quel quartier de Saint-Etienne a donné son nom à un groupe de musique ? Terrenoire
60%
Quel chanteur originaire de Saint-Etienne a chanté notamment "On The Road Again" ? Bernard Lavilliers
59%
Depuis le début du XXIème siècle, quel surnom est donné à la ville de Saint-Etienne ? La "Capitale du design"
48%
Quel massif montagneux borde le Sud de Saint-Etienne ? Le Pilat
33%
Aucun quiz correspondant
Distribution des résultats
% des personnes avec chaque résultat
Percentile par nombre de réponses
Votre historique - résultats
Vous n’avez pas pris ce quiz